Cell biology

Saved in:
Bibliographic Details
Main Author: Karp, Gerald
Format: Book
Language:English
Published: Hoboken, NJ : Wiley, c2010
Edition:6th ed.
Subjects:
Tags: Add Tag
No Tags, Be the first to tag this record!

MARC

LEADER 00000nam a2200000 i 4500
001 1/12192
008 110302s2010 eng d
020 |a 978-0-470-50576-2 (pbk) 
035 |l 10109693 
040 |a GR-MY-UA  |b gre  |e aacr 
041 0 |a eng 
082 0 |a 571.6  |2 (22) 
100 1 |a Karp, Gerald. 
245 1 0 |a Cell biology /  |c Gerald Karp 
250 |a 6th ed. 
260 |a Hoboken, NJ :   |b Wiley,   |c c2010 
300 |a 829 σ. με ποικίλες σελιδαριθμήσεις ;  |b πίν., σχέδια, φωτ.;  |c 28 εκ. 
500 |a International student version 
504 |a Περιέχει βιβλιογραφικές παραπομπές και ευρετήριο 
650 0 0 |a Cytology. 
852 |a INST  |b LEMNOS  |e 20110302  |h 571.6 KAR  |p 005600000555  |q 005600000555  |t BK  |y 0 
901 |a BIBL6-2011-1 
909 |a Μ  |b 166809 
922 |a 6ΕΛΗ  |b 201011  |c ΤΑΚ/ΤΕΤΔ  |d ΜΙΧΑΛΟΠΟΥΛΟΣ 
970 |a ΠΑΝΤΑΖΗ  |b ΑΝΤΩΝΙΑ  |z 2011/03/02